| 000 | 00866nam a22002897a 4500 | ||
|---|---|---|---|
| 003 | OSt | ||
| 005 | 20220107122828.0 | ||
| 008 | 170705b xxu||||| |||| 00| 0 eng d | ||
| 020 | _a9780262533201 | ||
| 040 | _cIIITMK | ||
| 082 | _a610.285 CEL/G | ||
| 100 |
_aCeli, Leo Anthony G _912140 |
||
| 245 |
_a Global health informatics: _bPrinciples of ehealth and mhealth to improve quality of care |
||
| 260 |
_aLondon, _bMIT Press, _c2017. |
||
| 300 | _axii,447p. | ||
| 650 |
_aMEDICAL INFORMATICS _912141 |
||
| 650 |
_aHEALTH INFORMATICS _912142 |
||
| 650 |
_aeHEALTH _912143 |
||
| 650 |
_amHEALTH _912393 |
||
| 650 |
_aHEALTH SCIENCES _912404 |
||
| 650 |
_aDIGITAL TECHNOLOGY _912405 |
||
| 700 |
_aFraser, Hamish S F _912144 |
||
| 700 |
_aNikore, Vipan _912145 |
||
| 700 |
_aOsorio, Juan Sebastian _912146 |
||
| 700 |
_aPaik, Kenneth _912147 |
||
| 942 |
_2ddc _cBK |
||
| 999 |
_c5692 _d5692 |
||